Exercise physiology: energy, nutrition, and human perfomance (Record no. 29914)

MARC details
000 -LEADER
fixed length control field 00489nam a2200193Ia 4500
020 ## - INTERNATIONAL STANDARD BOOK NUMBER
ISBN 0683057316
050 ## - CALL MARK
Classification number QP 301 .M375/
100 ## - STATEMENT OF RESPONSIBILITY--MAIN AUTHOR NAME
Personal name McArdle, William D.
245 #0 - TITLE STATEMENT
Title Exercise physiology: energy, nutrition, and human perfomance
250 ## - EDITION / VOLUME STATEMENT
Edition / Volume statement 4th ed.
260 ## - PUBLICATION, DISTRIBUTION, ETC. (IMPRINT)
Place of publication Baltimore
260 ## - PUBLICATION, DISTRIBUTION, ETC. (IMPRINT)
Name of publisher Williams and Wilkins
260 ## - PUBLICATION, DISTRIBUTION, ETC. (IMPRINT)
Year of publication 1996
300 ## - PHYSICAL DESCRIPTION
Number of Pages 850 p
650 ## - SUBJECT ADDED ENTRY--TOPICAL TERM
Topical Term Sports medicine
942 ## - ADDED ENTRY ELEMENTS (KOHA)
Koha item type Books
Holdings
Withdrawn status Lost status Source of classification or shelving scheme Damaged status Not for loan Permanent Location Current Location Date acquired Accession Number Price effective from Koha item type
    Library of Congress Classification     NILE UNIVERSITY OF NIGERIA - MAIN LIBRARY NILE UNIVERSITY OF NIGERIA - MAIN LIBRARY 04/23/2025 0008702 04/23/2025 Books